000 00654nam a2200229Ia 4500
003 OSt
005 20221005115139.0
006 a|||||r|||| 00| 0
007 ta
008 221004b |||||||| |||| 00| 0 eng d
024 _a42155
037 _cTextual
040 _aCRL
_cCRL
_beng
041 _2eng
_aeng
082 _aO121:1G65j, 111J0
100 _aToynbee Paget
245 0 _aBritain's tribute to Dante in literature and art
_b A chronological record of 540 years (c. 1380-1920)
260 _c1950
650 _aENGLISH LITERATURE
942 _hO121:1G65j, 111J0
_cTEXL
_2cc
999 _c1033556
_d1033556